| 000 | 00386nam a2200145Ia 4500 | ||
|---|---|---|---|
| 005 | 20251222175922.0 | ||
| 008 | 251222s9999||||xx |||||||||||||| ||spa|| | ||
| 020 | _a9789972573538 | ||
| 082 | _a657.42/U17 | ||
| 100 | _aUdolkin Dakova, Sergey | ||
| 245 | 0 | _aEjercicios de Contabilidad de Costos y de Gestión | |
| 250 | _a1ra.ed. | ||
| 264 | _bUniversidad del Pacífico | ||
| 942 | _cLIB | ||
| 999 |
_c40709 _d40709 |
||